Estadísticas para Ascendencia de argentinos y argentinas

Haz click aquí para intentar la prueba.

Estadísticas generales

  • Esta prueba ha sido intentada 32 veces
    (29 desde el último reinicio)
  • La puntuación promedio es 14 de 40

Estadísticas de respuestas

Respuesta% Correcto
Italia
100%
Croacia
78%
España
70%
Paraguay
59%
Rusia
59%
Armenia
48%
Chile
44%
Suecia
41%
Corea del Sur
37%
Cuba
37%
Eslovenia
37%
Francia
37%
México
37%
Polonia
37%
Uruguay
37%
Bolivia
33%
China
33%
Estados Unidos
33%
Japón
33%
Venezuela
33%
Alemania
30%
Austria
30%
Brasil
30%
Portugal
30%
Suiza
30%
Bulgaria
26%
Siria / Líbano
26%
Ucrania
26%
Bélgica
22%
Colombia
22%
Hungría
22%
Irlanda
19%
Reino Unido
19%
Rumania
19%
Dinamarca
15%
Países Bajos
15%
Sudáfrica
15%
Angola
11%
Cabo Verde
11%
Grecia
11%

Distribución de puntuación

Porcentaje por número respondido

Porcentaje de gente con cada puntuación

Historial de tus puntuaciones

No has intentado esta prueba desde el último reinicio